UBT Library

Feline medicine & surgery / (Record no. 43375)

000 -LEADER
fixed length control field 00528cam a2200205 i 4500
001 - CONTROL NUMBER
control field 821825
005 - DATE AND TIME OF LATEST TRANSACTION
control field 20180224073358.0
008 - FIXED-LENGTH DATA ELEMENTS--GENERAL INFORMATION
fixed length control field 760429s1975 caua b 001 0 eng
010 ## - LIBRARY OF CONGRESS CONTROL NUMBER
LC control number 76360445
040 ## - CATALOGING SOURCE
Original cataloging agency DLC
Transcribing agency DLC
Modifying agency DLC
041 ## - LANGUAGE CODE
Language code of text/sound track or separate title eng
080 ## - UNIVERSAL DECIMAL CLASSIFICATION NUMBER
Universal Decimal Classification number 636.808
082 00 - DEWEY DECIMAL CLASSIFICATION NUMBER
Classification number 636.808 COT
100 1# - Rafti
Rafti 5
101 ## - Shkurtesa
Shkurtesa KIR
245 10 - TITLE STATEMENT
Title Feline medicine & surgery /
Statement of responsibility, etc edited by E. J. Catcott.
504 ## - BIBLIOGRAPHY, ETC. NOTE
Bibliography, etc Includes bibliographies and index.
906 ## - LOCAL DATA ELEMENT F, LDF (RLIN)
a 7
b cbc
c orignew
d 2
e ncip
f 19
g y-gencatlg
942 ## - ADDED ENTRY ELEMENTS (KOHA)
Source of classification or shelving scheme
Item type Books
Holdings
Withdrawn status Lost status Source of classification or shelving scheme Damaged status Not for loan Collection code Permanent location Current location Shelving location Date acquired Total Checkouts Full call number Barcode Date last seen Price effective from Koha item type
          Koleksioni i përgjithshem UBT - Lipjan UBT - Lipjan Koleksioni i përgjithshem 02/24/2018   636.808 COT 002-2999995 02/24/2018 02/24/2018 Books
UBT Library © 2015-2024. All rights reserved University Education for Business and Technology